000 00715nam a2200289Ia 4500
005 20260324132828.0
008 008 260324s9999 xx 000 0 eng d
020 _a9781410609298
037 _aEBOOK
040 _aCRL
040 _beng
040 _cCRL
041 _2eng
041 _aeng
084 _qCRL
100 _aDavis "Buzz" Merritt; Maxwell E. McCombs
_91190779
245 4 _aThe Two W's of Journalism
245 4 _bThe Why and What of Public Affairs Reporting
260 _bTaylor and Francis
260 _c2004
365 _a
365 _b230
856 _uhttp://www.taylorfrancis.com/books/9781410609298
942 _cEBOOK
999 _c1789222
_d1789222